Language Quiz

Random Language or Food Quiz

Meanings of Food Names Quiz Stats

 Plays Quiz Updated Apr 23, 2013

Challenge
Share
Tweet
Embed
Score 0/40 Timer 08:00
0 Plays Today
% Correct
croissant
85.7%
sauerkraut
84.4%
croque-monsieur
76.7%
vodka
75.8%
carne asada
73%
tostada
72.7%
fondue
71.9%
whiskey
70.2%
pinot noir
65.6%
burrito
65.6%
spanakopita
63.6%
moo goo gai pan
62.6%
teriyaki
62.6%
bok choy
61.1%
tikka masala
60.8%
chow mein
57.7%
gyro
56.7%
lo mein
54.8%
spaetzle
51.6%
paella
51.4%
% Correct
goulash
51.1%
farfalle
50.3%
souvlaki
49.7%
zwieback
49.7%
fettuccine
49.4%
frappé
48.6%
tortilla
48.5%
cacciatore
45%
linguine
44.9%
tiramisu
38.2%
eclair
37.7%
ricotta
36.2%
bulgogi
35.5%
strudel
34.5%
tofu
33%
biscuit
30.1%
calzone
30%
ravioli
29.8%
avocado
29.3%
mulligatawny
29.2%

You're not logged in!

Compare scores with friends on all Sporcle quizzes.
OR
Log In

You Might Also Like...

Show Comments

Extras

Top Quizzes Today


Score Distribution

Your Account Isn't Verified!

In order to create a playlist on Sporcle, you need to verify the email address you used during registration. Go to your Sporcle Settings to finish the process.

Report this User

Report this user for behavior that violates our Community Guidelines.

Details: